[Event "Challenge"]
[Site "http://www.queenalice.com/game.php?id=1844084"]
[Date "2024.9.21"]
[Round "-"]
[White "simonjscott"]
[Black "PaulMSains"]
[Result "1/2-1/2"]
[WhiteElo "2224"]
[BlackElo "2065"]

1. Nf3 d5 2. g3 e6 3. Bg2 Nf6 4. O-O Bd6 5. d3 O-O 6. Nc3 Bd7 7. Bg5 h6 8. e4
hxg5 9. e5 Bc6 10. exd6 Qxd6 11. Nxg5 Qe5 12. Nf3 Qh5 13. Nd4 Qxd1 14. Raxd1 Bd7
15. f4 Nc6 16. Ncb5 Nxd4 17. Nxd4 c5 18. Nf3 Ng4 19. Rfe1 g6 20. h3 Nf6 21. Ne5
Rab8 22. g4 Bb5 23. c4 dxc4 24. dxc4 Ba6 25. b3 Rbd8 26. Bf3 Rd4 27. Rxd4 cxd4
28. Nd3 b6 29. Nb4 Bc8 30. Nc6 d3 31. Nxa7 Ba6 32. Nc6 Nd7 33. Rd1 Nc5 34. Nb4
Rd8 35. Rd2 Rd4 36. Kf2 Rxf4 37. Nxd3 Ne4+ 38. Ke3 Rxf3+ 39. Kxe4 Rxh3 40. Ke5
Kg7 41. Kd6 b5 42. Nc5 bxc4 43. Nxa6 cxb3 44. axb3 Rxb3 45. Nc5 Rg3 46. Rd4 Re3
47. Nd7 f6 48. Ke7 f5 49. gxf5 exf5+ 50. Kd6 Re4 51. Rd5 f4 52. Ne5 Kf6 53. Ng4+
Kf7 54. Ne5+ Kf6 55. Ng4+ Kf7 56. Ne5+ Kf6 1/2-1/2

[Event "Challenge"]
[Site "http://www.queenalice.com/game.php?id=1844127"]
[Date "2024.9.23"]
[Round "-"]
[White "PaulMSains"]
[Black "jogo"]
[Result "1-0"]
[WhiteElo "2041"]
[BlackElo "1693"]

1. c4 e5 2. Nc3 Nf6 3. e3 c5 4. Bd3 Be7 5. Qc2 O-O 6. Nd5 Nxd5 7. Bxh7+ Kh8 8.
cxd5 g6 9. Bxg6 fxg6 10. Qxg6 Rf6 11. Qh5+ 1-0

[Event "Challenge"]
[Site "http://www.queenalice.com/game.php?id=1844352"]
[Date "2024.9.27"]
[Round "-"]
[White "PaulMSains"]
[Black "simonjscott"]
[Result "0-1"]
[WhiteElo "2053"]
[BlackElo "2219"]

1. c4 c5 2. Nc3 Nc6 3. e3 e6 4. Nf3 Nf6 5. d4 d5 6. dxc5 Bxc5 7. Be2 O-O 8. O-O
h6 9. Bd2 a6 10. Qc2 Nb4 11. Qb1 Qd6 12. Na4 Ne4 13. Nxc5 Qxc5 14. cxd5 Nxd2 15.
Nxd2 Nxd5 16. Nb3 Qe7 17. Qe4 b6 18. Bd3 g6 19. Bc4 Bb7 20. Qd4 b5 21. Bxd5 Bxd5
22. e4 Bc4 23. Rfe1 Rfd8 24. Qe3 Kh7 25. Nd2 Qb4 26. Nxc4 Qxc4 27. b3 Qd4 28.
Qxd4 Rxd4 29. f3 Rd2 30. Red1 Rad8 31. Rxd2 Rxd2 32. a4 Rb2 33. axb5 axb5 34.
Ra7 Kg7 35. Rb7 Rxb3 36. h4 Kf6 37. f4 Rb4 38. e5+ Kg7 39. g3 Rb2 40. Kf1 b4 41.
Kg1 h5 42. Rc7 b3 43. Rc1 Rc2 0-1

[Event "Challenge"]
[Site "http://www.queenalice.com/game.php?id=1844653"]
[Date "2024.10.2"]
[Round "-"]
[White "simonjscott"]
[Black "PaulMSains"]
[Result "1/2-1/2"]
[WhiteElo "2233"]
[BlackElo "2035"]

1. Nf3 d6 2. g3 e5 3. d3 Be7 4. Bg2 Nf6 5. O-O O-O 6. c4 Nc6 7. Nc3 Bd7 8. Bg5
h6 9. Bd2 Rb8 10. a3 a6 11. Qc1 Nh7 12. Nd5 Be6 13. Nxe7+ Nxe7 14. b4 b5 15. Be3
bxc4 16. dxc4 c6 17. Nd2 d5 18. cxd5 cxd5 19. Bc5 Re8 20. f4 e4 21. Nb3 Rc8 22.
Qb2 Nf5 23. Bh3 f6 24. Bxf5 Bxf5 25. Nd4 Be6 26. Rfc1 Bf7 27. Nf5 Re6 28. Qd4
Bg6 29. Ne3 f5 30. Nxd5 e3 31. Nxe3 Qxd4 32. Bxd4 Rce8 33. Rc3 Nf6 34. Bxf6 Rxe3
35. Rxe3 Rxe3 36. Kf2 Rb3 37. Be5 Be8 38. e3 Kh7 39. Bd6 Bc6 40. Ra2 Bd5 41. Rd2
Be4 42. a4 Rb1 43. Ke2 Rh1 44. b5 Rxh2+ 45. Kd1 Bf3+ 46. Kc1 Rh1+ 47. Kb2 axb5
48. axb5 Be4 49. Kc3 Rg1 50. b6 Rxg3 51. Kd4 Rg6 52. Ke5 Rf6 53. Bc5 Rf7 54. Ke6
Rb7 55. Rd4 h5 56. Rxe4 fxe4 57. Kf5 Kh6 58. Kxe4 g5 59. fxg5+ Kxg5 60. Kf3 h4
61. e4 h3 1/2-1/2

[Event "Challenge"]
[Site "http://www.queenalice.com/game.php?id=1844710"]
[Date "2024.10.4"]
[Round "-"]
[White "PaulMSains"]
[Black "simonjscott"]
[Result "0-1"]
[WhiteElo "2044"]
[BlackElo "2226"]

1. d4 g6 2. e4 Bg7 3. Nf3 d6 4. h3 Nf6 5. Nc3 O-O 6. e5 dxe5 7. dxe5 Qxd1+ 8.
Nxd1 Nfd7 9. Bf4 Nc6 10. e6 fxe6 11. Bxc7 Nde5 12. Nxe5 Nxe5 13. Nc3 b6 14. Bxe5
Bxe5 15. Bc4 Bd4 16. f3 Kg7 17. O-O-O Bxc3 18. bxc3 Rf4 19. Rd4 e5 20. Rxf4 exf4
21. Re1 Kf6 22. Re4 e5 23. Bd5 Rb8 24. Kd2 Be6 25. c4 Rd8 26. Kc3 Bxd5 27. cxd5
Rxd5 28. Ra4 Rc5+ 29. Kb2 Rc7 30. Kb3 Kg5 31. Re4 Re7 32. a4 Kh4 33. Re2 Kg3 34.
Kc4 Rd7 35. c3 g5 36. Rxe5 Kxg2 37. Rxg5+ Kxf3 38. Kb5 Ke4 39. Rg1 f3 40. Re1+
Kf4 41. Rg1 f2 0-1

[Event "Challenge"]
[Site "http://www.queenalice.com/game.php?id=1845091"]
[Date "2024.10.10"]
[Round "-"]
[White "PaulMSains"]
[Black "simonjscott"]
[Result "1/2-1/2"]
[WhiteElo "2043"]
[BlackElo "2227"]

1. Nf3 Nf6 2. g3 g6 3. Bg2 Bg7 4. O-O O-O 5. c4 d6 6. Nc3 Nc6 7. d4 Bf5 8. Re1
Re8 9. Bf4 e5 10. dxe5 dxe5 11. Qxd8 Raxd8 12. Bg5 h6 13. Bxf6 Bxf6 14. e4 Bc8
15. Nd5 Bg7 16. Nxc7 Re7 17. Nd5 Red7 18. Bh3 Rd6 19. Bxc8 Rxc8 20. b4 Rd7 21.
Rac1 Ne7 22. Nxe7+ Rxe7 23. a4 b6 24. c5 bxc5 25. Rxc5 Rxc5 26. bxc5 Rc7 27. Rc1
Rc6 28. Rc4 f6 29. Kg2 Bf8 30. Nh4 Kf7 31. f4 exf4 32. gxf4 Rxc5 33. Rxc5 Bxc5
34. f5 g5 35. Ng6 a5 36. Kf3 h5 37. h4 g4+ 38. Kg2 Bd4 39. Nf4 Bc3 40. Nxh5 Be1
41. Ng3 Kg7 42. Kh2 Kh6 43. Kg2 Bc3 44. Kf2 Be5 45. Kg2 1/2-1/2

[Event "Challenge"]
[Site "http://www.queenalice.com/game.php?id=1845163"]
[Date "2024.10.11"]
[Round "-"]
[White "simonjscott"]
[Black "PaulMSains"]
[Result "1-0"]
[WhiteElo "2221"]
[BlackElo "2050"]

1. Nf3 Nf6 2. g3 g6 3. Bg2 Bg7 4. O-O O-O 5. c4 d5 6. cxd5 Nxd5 7. Nc3 c6 8. d4
Bg4 9. e4 Nxc3 10. bxc3 Nd7 11. Qb3 Qb6 12. Be3 Qxb3 13. axb3 a6 14. e5 Be6 15.
Rfe1 Bxb3 16. Rab1 Be6 17. Rxb7 Rfb8 18. Reb1 Rxb7 19. Rxb7 a5 20. Bc1 Bf8 21.
Nd2 a4 22. Ba3 Ra6 23. Bf1 Rb6 24. Ra7 c5 25. Rxa4 cxd4 26. cxd4 Rb7 27. Ne4 Bd5
28. Nc5 Nxc5 29. Bxc5 h6 30. Ra7 Rxa7 31. Bxa7 e6 32. Bd3 Kg7 33. f4 f6 34. Kf2
g5 35. Ke3 fxe5 36. dxe5 gxf4+ 37. gxf4 h5 38. Kd4 h4 39. f5 Kf7 40. Be2 Ke7 41.
Bc5+ Kf7 42. Bh5+ Kg8 43. f6 Bxc5+ 44. Kxc5 Kf8 45. Kd6 Bc4 46. Kc5 Bd5 47. Kd4
h3 48. Ke3 Bg2 49. Kf4 Bf1 50. Kg5 Bd3 51. Bg4 1-0

[Event "Challenge"]
[Site "http://www.queenalice.com/game.php?id=1845299"]
[Date "2024.10.13"]
[Round "-"]
[White "jogo"]
[Black "PaulMSains"]
[Result "1-0"]
[WhiteElo "1771"]
[BlackElo "2027"]

1. e4 e5 2. d4 exd4 3. Qxd4 d6 4. Bb5+ Bd7 5. Bxd7+ Nxd7 6. f4 c5 7. Qe3 Qb6 8.
Nc3 c4 9. Qxb6 Nxb6 10. Be3 Nf6 11. O-O-O Be7 12. Nb5 O-O 13. e5 dxe5 14. fxe5
Ng4 15. Bd4 Bg5+ 16. Kb1 Rad8 17. Nf3 Be3 18. Bxe3 Nxe3 19. Rxd8 Rxd8 20. g3 a6
21. Nd6 Rd7 22. Re1 Ned5 23. c3 Kf8 24. Nd4 g6 25. Rf1 Kg8 26. Ne4 Kg7 27. Nc5
Rc7 28. Ne4 Re7 29. Nf3 Ne3 30. Re1 Nbd5 31. Kc1 Ng4 32. Kd2 b5 33. h3 Nxe5 34.
Nxe5 Rxe5 35. Nf2 Rxe1 36. Kxe1 Nf6 37. Ke2 a5 38. Ke3 Ne8 39. Kd4 Nc7 40. Kc5
Kf6 41. Kc6 Ne8 42. Kxb5 Nd6+ 43. Kxa5 Nf5 44. g4 Ne3 45. Kb4 Kg5 46. a4 f5 47.
a5 f4 48. a6 Nd5+ 49. Kxc4 Nc7 50. a7 Kh4 51. Kd3 Kg3 52. Ke2 f3+ 53. Kf1 h5 54.
gxh5 gxh5 55. b4 Kf4 56. b5 Na8 57. Nd3+ Ke4 58. Nb4 Ke5 59. Kf2 Kd6 60. Na6 Kd7
61. c4 Kc8 62. c5 Kb7 63. Kxf3 Kxa7 64. Kf4 Kb7 65. Kg5 h4 66. Kxh4 Nb6 67. cxb6
Kxb6 68. Kg5 Kxb5 69. Nc7+ Kc6 70. Ne6 Kd6 71. Kf6 Kd7 72. h4 1-0

[Event "Challenge"]
[Site "http://www.queenalice.com/game.php?id=1845300"]
[Date "2024.10.13"]
[Round "-"]
[White "PaulMSains"]
[Black "jogo"]
[Result "1/2-1/2"]
[WhiteElo "2041"]
[BlackElo "1815"]

1. e4 e5 2. Nf3 Nf6 3. Nc3 d6 4. h3 Be7 5. Bc4 h6 6. O-O O-O 7. d4 exd4 8. Qxd4
c5 9. Qe3 Nc6 10. a3 Re8 11. Re1 Bf8 12. Qf4 Ne5 13. Nxe5 Rxe5 14. Nd5 Nxd5 15.
Bxd5 Qf6 16. Qxf6 gxf6 17. Bf4 Re8 18. Re3 f5 19. Rg3+ Kh7 20. f3 fxe4 21. Bxe4+
Kh8 22. Bd2 Bg7 23. c3 Rb8 24. Rd1 Be5 25. f4 Bg7 26. Bd5 Be6 27. Bf3 Bb3 28.
Re1 Rxe1+ 29. Bxe1 Bf6 30. Bh5 Bh4 31. Re3 Bxe1 32. Rxe1 Kg8 33. Re3 Kf8 34. Be2
Re8 35. Rxe8+ Kxe8 36. Kf2 Bd5 37. g4 Ke7 38. Bf3 Bxf3 1/2-1/2

[Event "Challenge"]
[Site "http://www.queenalice.com/game.php?id=1845727"]
[Date "2024.10.18"]
[Round "-"]
[White "jogo"]
[Black "PaulMSains"]
[Result "1-0"]
[WhiteElo "1829"]
[BlackElo "2002"]

1. e4 e5 2. d4 Qf6 3. dxe5 Qxe5 4. Nc3 Bb4 5. Bd2 Bxc3 6. Bxc3 Qxe4+ 7. Qe2
Qxe2+ 8. Bxe2 Nf6 9. g4 O-O 10. O-O-O d6 11. f3 Nc6 12. a3 Re8 13. b4 Nd5 14.
Rxd5 Re3 15. Bb2 f6 16. Rd3 Rxd3 17. Bxd3 Bd7 18. Ne2 Re8 19. Ng3 Re3 20. Rf1
Ne5 21. Bxe5 Rxe5 22. Kd2 a6 23. Re1 Rd5 24. Kc1 Kf8 25. Re2 g6 26. Be4 Rb5 27.
Bd3 Rd5 28. Ne4 Kf7 29. h3 a5 30. Bc4 1-0

[Event "Challenge"]
[Site "http://www.queenalice.com/game.php?id=1845728"]
[Date "2024.10.18"]
[Round "-"]
[White "PaulMSains"]
[Black "jogo"]
[Result "1-0"]
[WhiteElo "2013"]
[BlackElo "1799"]

1. Nf3 Nf6 2. g3 g6 3. Bg2 Bg7 4. O-O O-O 5. c4 d5 6. c5 Re8 7. d4 Bf5 8. Nc3 c6
9. Bf4 Nh5 10. Bxb8 Rxb8 11. h3 f6 12. g4 Bxg4 13. hxg4 Nf4 14. Nh2 Qc7 15. e3
Ne6 16. f4 f5 17. gxf5 gxf5 18. Qh5 Rf8 19. Rf3 Rf6 20. Rg3 Kh8 21. Nf3 Rbf8 22.
Ne5 Nd8 23. Ng6+ Kg8 24. Nxf8 Rxf8 25. Kf2 1-0

[Event "Challenge"]
[Site "http://www.queenalice.com/game.php?id=1845735"]
[Date "2024.10.18"]
[Round "-"]
[White "PaulMSains"]
[Black "simonjscott"]
[Result "0-1"]
[WhiteElo "2009"]
[BlackElo "2228"]

1. Nc3 Nc6 2. b3 e5 3. Bb2 d5 4. e3 Nf6 5. g3 Bb4 6. Bg2 O-O 7. Nge2 Be6 8. O-O
a6 9. a3 Bc5 10. d4 exd4 11. exd4 Ba7 12. Na2 Qd7 13. Nf4 Rfe8 14. Nxe6 Qxe6 15.
Re1 Qxe1+ 16. Qxe1 Rxe1+ 17. Rxe1 Bxd4 18. Bxd4 Nxd4 19. Nb4 c6 20. Re7 Rb8 21.
Kf1 a5 22. Na2 Nxc2 23. a4 Nd4 24. Nc1 Ne6 25. Bh3 Kf8 26. Rxe6 fxe6 27. Bxe6
Re8 28. Bf5 g6 29. Bc2 Re7 30. f3 Ke8 31. Nd3 b6 32. Kf2 Kd7 33. h4 Kd6 34. Nf4
Kc5 35. Ne2 d4 36. Bd3 Nd5 37. f4 Nb4 38. Bc4 d3 39. Nc3 d2 40. Be2 Kd4 41. Nb1
Nd3+ 0-1

[Event "Challenge"]
[Site "http://www.queenalice.com/game.php?id=1845753"]
[Date "2024.10.19"]
[Round "-"]
[White "jogo"]
[Black "PaulMSains"]
[Result "0-1"]
[WhiteElo "1829"]
[BlackElo "1963"]

1. e4 d5 2. Nf3 dxe4 3. Ng5 Nf6 4. d3 exd3 5. Bxd3 e6 6. a3 Bc5 7. b4 Bd4 8. c3
Bb6 9. Bb5+ Bd7 10. Bxd7+ Nbxd7 11. O-O h6 12. Nf3 Qe7 13. Re1 O-O-O 14. Qb3 Ng4
15. Re2 h5 16. h3 Nxf2 17. Rxf2 Bxf2+ 18. Kxf2 f6 19. Nd4 e5 20. Ne6 Rde8 21.
Qc4 Qxe6 22. Qxe6 Rxe6 23. Be3 b6 24. Nd2 Rc6 25. Rc1 f5 26. b5 Rd6 27. Nc4 Re6
28. Kf3 f4 29. Bf2 g5 30. Re1 Rhe8 31. Nd2 Nf6 32. Ne4 Nxe4 33. Kxe4 Rf8 34. a4
c6 35. bxc6 Rff6 36. Ra1 Kc7 37. a5 Kxc6 38. axb6 axb6 39. Ra6 Kb5 40. Ra1 Kc4
41. Be1 g4 42. hxg4 hxg4 43. Ra4+ Kb3 44. Rb4+ Kc2 45. c4 f3 46. gxf3 gxf3 47.
Bf2 Kd1 48. Kd3 Rd6+ 49. Ke4 Ke2 50. Rb2+ Kf1 51. Ke3 Rc6 52. Rb1+ Kg2 53. Rg1+
Kh2 54. Rc1 b5 55. Bg1+ Kh3 56. Bf2 Rxc4 57. Rh1+ Kg4 58. Rg1+ Kh5 59. Rh1+ Kg6
60. Rg1+ Kf7 61. Be1 b4 62. Bf2 Ke6 63. Rd1 Rc3+ 64. Kd2 e4 65. Rf1 Rd3+ 66. Kc2
b3+ 67. Kb2 e3 68. Bh4 Rf5 69. Be1 f2 70. Bc3 e2 71. Rh1 f1=Q 72. Rh6+ Kd5 0-1

[Event "Challenge"]
[Site "http://www.queenalice.com/game.php?id=1845754"]
[Date "2024.10.19"]
[Round "-"]
[White "PaulMSains"]
[Black "jogo"]
[Result "0-1"]
[WhiteElo "2032"]
[BlackElo "1869"]

1. b3 d5 2. Bb2 c5 3. g3 f6 4. Bg2 e5 5. e3 Nc6 6. d3 Bd6 7. Ne2 Bg4 8. O-O Nge7
9. f3 Be6 10. Nd2 O-O 11. c4 Nf5 12. Kf2 d4 13. exd4 exd4 14. Qc1 Ne3 15. Re1
Ne5 16. Nf4 Bf5 17. Ne4 Bxe4 18. dxe4 g5 19. Ne6 Nd3+ 20. Kg1 Qe7 21. Qd2 Nxe1
22. Nxf8 N1xg2 23. Nxh7 Kxh7 24. Bc1 Kg6 25. Qd3 Be5 0-1

[Event "Challenge"]
[Site "http://www.queenalice.com/game.php?id=1845829"]
[Date "2024.10.20"]
[Round "-"]
[White "simonjscott"]
[Black "PaulMSains"]
[Result "0-1"]
[WhiteElo "2233"]
[BlackElo "1979"]

1. Nf3 d5 2. g3 Nf6 3. Bg2 Bf5 4. O-O e6 5. d3 Be7 6. Bf4 Nc6 7. Nbd2 h6 8. c4
O-O 9. Qa4 Nd7 10. a3 Nc5 11. Qc2 Bf6 12. Rab1 dxc4 13. Qxc4 Na6 14. b4 Ne7 15.
Rfc1 c6 16. Nb3 b5 17. Qc2 Rc8 18. Be3 Qd7 19. Nc5 Nxc5 20. Bxc5 Rfe8 21. a4 a6
22. a5 Bh7 23. Qd1 Nd5 24. Nd2 Nc3 25. Rxc3 Bxc3 26. Rc1 Bxd2 27. Qxd2 e5 28.
Qc3 e4 29. d4 Qg4 30. e3 Qe6 31. Bb6 Bf5 32. Qc5 Qd5 33. h4 Qxc5 34. Bxc5 f6 35.
Kh2 Kf7 36. Bh3 Bxh3 37. Kxh3 f5 38. Bb6 Kg6 39. Rc5 Kf6 40. Rc2 g5 41. Rc5 Re6
42. h5 Rce8 43. Rc2 Ke7 44. Rc5 Kf6 45. Rc2 R8e7 46. Rc5 Rd6 47. Rc2 Ree6 48.
Bc7 Rd5 49. Be5+ Rdxe5 50. dxe5+ Kxe5 51. Rc5+ Kf6 52. Rc2 Rd6 53. Rc5 Ke6 54.
Rc2 Kd7 55. Kg2 Rd5 56. Kh3 Rd3 57. Rb2 Kd6 58. Kg2 Kd5 59. Kh3 c5 60. bxc5 Kxc5
61. Rc2+ Kd6 62. Rb2 Rc3 63. Kg2 Ra3 64. Rd2+ Ke5 65. Rc2 Kd6 66. Rd2+ Ke5 67.
Rc2 Rxa5 68. Rc6 b4 69. Rxh6 b3 70. Rb6 Rb5 0-1

[Event "Challenge"]
[Site "http://www.queenalice.com/game.php?id=1846145"]
[Date "2024.10.25"]
[Round "-"]
[White "PaulMSains"]
[Black "simonjscott"]
[Result "1/2-1/2"]
[WhiteElo "2005"]
[BlackElo "2213"]

1. d4 g6 2. Bf4 Bg7 3. Nf3 Nf6 4. e3 O-O 5. Bd3 d5 6. O-O Nc6 7. a3 Re8 8. Nc3
a6 9. h3 Bd7 10. e4 dxe4 11. Nxe4 Nxe4 12. Bxe4 f5 13. Bxc6 Bxc6 14. Be5 e6 15.
Bxg7 Kxg7 16. c3 Qd5 17. Re1 Rad8 18. Re5 Qd6 19. Qe2 Qe7 20. Qe3 Bxf3 21. Qxf3
c6 22. Rae1 Rd6 23. g4 Qg5 24. Qg3 Rd5 25. Rxd5 cxd5 26. f4 Qd8 27. Re5 b5 28.
gxf5 exf5 29. Rxf5 Re2 30. Qg5 Qxg5+ 31. Rxg5 Rxb2 32. Rxd5 Rb3 33. Rc5 Rxa3 34.
d5 Kf6 35. d6 Ke6 36. Rc6 Kd7 37. Rc7+ Kxd6 38. Rxh7 Rxc3 39. Rh6 a5 40. Rxg6+
Ke7 41. h4 Kf7 42. Rg5 Rc4 43. Rxb5 Rxf4 44. h5 a4 45. Ra5 a3 46. Rxa3 Rh4 47.
Ra5 Kg7 48. Kg2 1/2-1/2

[Event "Challenge"]
[Site "http://www.queenalice.com/game.php?id=1846516"]
[Date "2024.11.2"]
[Round "-"]
[White "simonjscott"]
[Black "PaulMSains"]
[Result "1/2-1/2"]
[WhiteElo "2207"]
[BlackElo "2020"]

1. Nf3 d5 2. g3 Bg4 3. Bg2 Nf6 4. c4 c6 5. O-O dxc4 6. Nc3 e6 7. Ne5 Qd4 8. Nf3
Qb6 9. Ne5 Qd4 10. Nf3 Qb6 11. Ne5 Qd4 1/2-1/2

[Event "Challenge"]
[Site "http://www.queenalice.com/game.php?id=1846638"]
[Date "2024.11.3"]
[Round "-"]
[White "PaulMSains"]
[Black "simonjscott"]
[Result "0-1"]
[WhiteElo "2001"]
[BlackElo "2201"]

1. d4 g6 2. e4 Bg7 3. e5 d6 4. exd6 cxd6 5. Nf3 Nf6 6. Bb5+ Bd7 7. Bxd7+ Nbxd7
8. Be3 O-O 9. O-O Nd5 10. c3 Qb6 11. Qb3 N7f6 12. Qxb6 Nxb6 13. Nbd2 Rfc8 14.
Rac1 Na4 15. b3 Nxc3 16. Rc2 Nce4 17. Rxc8+ Rxc8 18. Nc4 d5 19. Nce5 e6 20. a4
Rc3 21. Rc1 Rxc1+ 22. Bxc1 Ne8 23. Nd2 Nxd2 24. Bxd2 Nd6 25. Bc3 a6 26. Nd3 Nf5
27. Ne5 Bxe5 28. dxe5 d4 29. Bd2 Kf8 30. f4 Ke8 31. Kf2 Kd7 32. Ke2 Kc6 33. Kd3
Kd5 34. Bc1 Ne7 35. g4 Nc6 36. Bd2 a5 37. h3 b6 38. h4 h5 39. g5 Kc5 40. Ke4 Ne7
41. Be1 Nf5 42. Bf2 Kb4 43. Bxd4 Nxd4 44. Kxd4 Kxb3 0-1

[Event "Challenge"]
[Site "http://www.queenalice.com/game.php?id=1846639"]
[Date "2024.11.3"]
[Round "-"]
[White "simonjscott"]
[Black "PaulMSains"]
[Result "1-0"]
[WhiteElo "2207"]
[BlackElo "1993"]

1. Nf3 d5 2. g3 Bg4 3. Bg2 e6 4. O-O Nc6 5. d4 Bd6 6. Nc3 Nf6 7. Bg5 h6 8. Be3
O-O 9. a3 a6 10. b4 b5 11. Ne1 Ne7 12. f3 Bf5 13. Bf2 c6 14. e4 Bg6 15. e5 Bxe5
16. dxe5 Nd7 17. f4 f6 18. exf6 Rxf6 19. Nd3 Qc7 20. Qe2 Raf8 21. Bc5 Nxc5 22.
Nxc5 Qa7 23. Kh1 Bf7 24. Bh3 Re8 25. Rae1 Nf5 26. Bxf5 Rxf5 27. Qd3 Bg6 28. Qd4
Rf6 29. Nxe6 Qxd4 30. Nxd4 Rc8 31. Rf2 Rd6 32. Re6 Rxe6 33. Nxe6 Bf5 34. Nc5 Ra8
35. Nd1 a5 36. Ne3 Be4+ 37. Nxe4 dxe4 38. c3 axb4 39. axb4 Ra3 40. Rc2 Ra1+ 41.
Kg2 Re1 42. Kf2 Rh1 43. Nf1 e3+ 44. Kg2 1-0

[Event "Challenge"]
[Site "http://www.queenalice.com/game.php?id=1846743"]
[Date "2024.11.6"]
[Round "-"]
[White "jogo"]
[Black "PaulMSains"]
[Result "1-0"]
[WhiteElo "1806"]
[BlackElo "1986"]

1. e4 g6 2. d4 Bg7 3. f4 Nf6 4. Nc3 O-O 5. Nf3 d6 6. Bd3 b6 7. h3 Bb7 8. Be3
Nbd7 9. e5 dxe5 10. dxe5 Ne8 11. Qe2 e6 12. O-O-O c5 13. Bb5 Bxf3 14. Qxf3 Qb8
15. Rxd7 a6 16. Bc6 Ra7 17. Rxa7 Qxa7 18. Rd1 f6 19. Rd7 Qb8 20. Rb7 Qd8 21. Qd1
Qc8 22. Rxb6 fxe5 23. fxe5 Bxe5 24. Bd7 Qd8 25. Bxe6+ 1-0

[Event "Challenge"]
[Site "http://www.queenalice.com/game.php?id=1846744"]
[Date "2024.11.6"]
[Round "-"]
[White "PaulMSains"]
[Black "jogo"]
[Result "1-0"]
[WhiteElo "1956"]
[BlackElo "1865"]

1. c4 e6 2. e3 d5 3. Nc3 Bb4 4. Qa4+ Nc6 5. Nf3 Nf6 6. Ne5 Bxc3 7. Nxc6 bxc6 8.
bxc3 Bd7 9. c5 O-O 10. Bd3 Re8 11. O-O e5 12. f3 e4 13. fxe4 dxe4 14. Bc2 Re5
15. Ba3 Bg4 16. Qxc6 Bd7 17. Qb7 Qc8 18. Qxc8+ Rxc8 19. Rf4 Nh5 20. Rxe4 Rxe4
21. Bxe4 Nf6 22. Bc2 c6 23. Rb1 g6 24. c4 Be6 25. Bb3 Rb8 26. Rf1 Ne4 27. Rd1
Bg4 28. Re1 Nxd2 29. Ba4 Nxc4 30. Bc1 Rb1 31. Rf1 Bd7 32. Bb3 Be6 33. h3 Nxe3
34. Bxe3 Rxf1+ 35. Kxf1 1-0

[Event "Challenge"]
[Site "http://www.queenalice.com/game.php?id=1846939"]
[Date "2024.11.10"]
[Round "-"]
[White "PaulMSains"]
[Black "simonjscott"]
[Result "0-1"]
[WhiteElo "1974"]
[BlackElo "2213"]

1. d4 g6 2. e4 Bg7 3. Nf3 d6 4. Bc4 Nf6 5. Ng5 O-O 6. O-O h6 7. Nxf7 Rxf7 8.
Bxf7+ Kxf7 9. e5 dxe5 10. dxe5 Qxd1 11. Rxd1 Nfd7 12. f4 Nc6 13. Nc3 Nb6 14. Nb5
Bg4 15. Re1 Rc8 16. b3 a6 17. Nc3 Nd4 18. Rf1 Nxc2 19. Rb1 Bf5 20. Rb2 Rd8 21.
Rd1 Rxd1+ 22. Nxd1 Nd4 23. Be3 Nc6 24. h3 Nd5 25. Bc1 g5 26. g3 Bxh3 27. fxg5
hxg5 28. Bxg5 Bxe5 29. Bh4 Bd4+ 30. Kh2 Bxb2 31. Nxb2 Bf5 0-1

[Event "Challenge"]
[Site "http://www.queenalice.com/game.php?id=1847003"]
[Date "2024.11.10"]
[Round "-"]
[White "simonjscott"]
[Black "PaulMSains"]
[Result "1-0"]
[WhiteElo "2218"]
[BlackElo "1968"]

1. Nf3 d5 2. g3 Bg4 3. Bg2 Nc6 4. O-O e5 5. d3 Be7 6. Nc3 Nf6 7. Bd2 O-O 8. a3
a6 9. Qc1 Rb8 10. h3 Bxf3 11. Bxf3 d4 12. Ne4 Nxe4 13. Bxe4 Na7 14. f4 f6 15.
fxe5 fxe5 16. Kg2 c5 17. Rf5 Rxf5 18. Bxf5 Qd5+ 19. Be4 Qd7 20. Bg5 Bd6 21. Qe1
b6 22. c3 h6 23. Bd2 Rf8 24. cxd4 cxd4 25. Bb4 a5 26. Bxd6 Qxd6 27. Rc1 Qf6 28.
Bd5+ Kh8 29. Qg1 Qd6 30. Be4 Nc8 31. Rc6 Qd7 32. Qc1 Qd8 33. Rxh6+ Kg8 34. Bh7+
Kf7 35. Qc4+ Ke8 36. Re6+ Ne7 37. Bg6+ Kd7 38. Be4 Qc8 39. Bc6+ Nxc6 40. Qd5+
Kc7 41. Rxc6+ 1-0

[Event "Challenge"]
[Site "http://www.queenalice.com/game.php?id=1847252"]
[Date "2024.11.15"]
[Round "-"]
[White "PaulMSains"]
[Black "simonjscott"]
[Result "0-1"]
[WhiteElo "1962"]
[BlackElo "2222"]

1. d4 Nf6 2. c4 g6 3. Nc3 Bg7 4. Nf3 d6 5. e3 O-O 6. Bd3 Re8 7. h3 e5 8. dxe5
dxe5 9. e4 b6 10. O-O Bb7 11. Bg5 Nbd7 12. Nd5 Qc8 13. Nh4 h6 14. Be3 Qd8 15. g3
Rc8 16. f4 Nxd5 17. exd5 e4 18. Be2 Bxb2 19. Rb1 Bg7 20. c5 c6 21. cxb6 Nxb6 22.
dxc6 Bxc6 23. Qxd8 Rcxd8 24. Bxb6 axb6 25. Rxb6 Bd4+ 0-1